000 00447nam a22001817a 4500
003 MPLRDC
005 20220104143710.0
008 210129b ||||| |||| 00| 0 eng d
082 _a857.9 GL-56 v.1 c.2
100 _a古龙
245 _a九月鹰飞. 上
_c
250 _a初版
260 _a
_b华新出版有限公司
_c1977
300 _b
490 _a古龙小说专辑
650 _a武侠小说
942 _cBK
_o857.9 GL-56 v.1 c.2
999 _c42460
_d42450